000 00582nmm a2200169Ia 4500
008 251105s9999||||xx |||||||||||||||||und||
020 _a9789586487429
041 _aspa
100 _aSchnarch Kirberg, Alejandro
245 0 _aMarketing de fidelización : cómo obtener clientes satisfechos y leales, bajo una perspectiva latinoamericana
264 _a[Bogotá, Colombia] :
_bEcoe Ediciones,
_c2011
300 _a156 páginas
490 _aCiencias Administrativas
650 _aEconomics and Business
856 _uhttps://public.digitaliapublishing.com/a/29991
942 _cCF
999 _c95358
_d95358